Getting it right : Glossary of terms for public executives

Bibliographic Details
Corporate Author: Institut Tadbiran Awam Negara (INTAN)
Format: Book
Published: Kuala Lumpur : Institut Tadbiran Awam Negara , 1991
Subjects:

MARC

LEADER 00000cam a2200000 7i4500
001 0000000700
005 20000923.0
020 0 0 |a 9679933091 
090 0 0 |a 350.00014   |b GET 1991 
245 0 0 |a Getting it right :   |b Glossary of terms for public executives 
260 0 0 |a Kuala Lumpur :   |b Institut Tadbiran Awam Negara ,   |c 1991 
300 |a v, 166 p. ;   |c 21 cm. 
500 0 0 |a Bibliography: [p. 161] 
650 0 0 |a Public administration   |x Terminology 
710 1 1 |a Institut Tadbiran Awam Negara (INTAN) 
999 |a 0000000025   |b Monograph   |c Open Shelf   |e Default branch 
999 |a 0000000026   |b Monograph   |c Open Shelf   |e Default branch 
999 |a 0000000027   |b Monograph   |c Reference   |e Default branch 
999 |a 0000000028   |b Monograph   |c Open Shelf   |e Default branch 
999 |a 0000000029   |b Monograph   |c Open Shelf   |e Default branch 
999 |a 0000000143   |b Monograph   |c Open Shelf   |e Default branch 
999 |a 0000000173   |b Monograph   |c Open Shelf   |e Default branch